000 00746nam a2200265Ia 4500
005 20260121165612.0
008 008 260114s9999 xx 000 0 eng d
020 _a9789811047329
037 _aEBOOK
040 _aCRL
040 _beng
040 _cCRL
041 _2eng
041 _aeng
084 _qCRL
100 _aSuresh Kumar Gahlawat, Raj Kumar Salar, Priyanka Siwach, Joginder Singh Duhan, Suresh Kumar, Pawan Kaur
_91053763
245 0 _aPlant Biotechnology: Recent Advancements and Developments
260 _bSpringer
260 _bSpringer
260 _c2017
856 _uhttps://link.springer.com/openurl?genre=book&isbn=978-981-10-4732-9
942 _cEBOOK
999 _c1619489
_d1619489